[Event "75th ch-GER"]
[Site "Hoeckendorf GER"]
[Date "2004.02.03"]
[Round "5"]
[White "Latzke,B"]
[Black "Breutigam,M"]
[Result "0-1"]
[WhiteElo "2246"]
[BlackElo "2409"]

1.d4 d5 2.c4 Nc6 3.Nc3 Nf6 4.Nf3 dxc4 5.e4 Bg4 6.Be3 e6 7.Bxc4 Bb4 8.Qc2 O-O
9.Rd1 Bxf3 10.gxf3 Nh5 11.e5 Ne7 12.Qe4 Nd5 13.Bd2 c6 14.Rg1 Bxc3 15.bxc3 f5
16.exf6 Qxf6 17.Bd3 g6 18.Qg4 Qxf3 19.Qxf3 Rxf3 20.Be2 Rh3 21.Bg4 Rxh2 22.Rb1 b6
23.Bxe6+ Kg7 24.Bd7 Rf8 25.Rf1 Ne7 26.Bg5 Nf6 27.Bxf6+ Rxf6 28.Rb2 h5 29.Re2 Kf7
30.f3 Rxe2+ 31.Kxe2 Rd6 32.Bh3 Nd5 33.Kd2 c5 34.dxc5 bxc5 35.Rh1 Ra6 36.Kd3 Rxa2
37.Kc4 Nb6+ 38.Kxc5 Rc2 39.Kd4 Rd2+ 40.Ke3 Nc4+ 41.Ke4 a5 42.Ra1 Rh2 43.Bd7 Rh4+
44.f4 g5 45.Kf5 Rxf4+ 46.Kxg5 Rf3 47.Bc6 Rg3+ 48.Kxh5 Kf6 49.Rf1+ Ke5 50.Rd1 Ne3
51.Ra1 Kf6 52.Kh4 Nf5+  0-1

[Event "FSIM February"]
[Site "Budapest HUN"]
[Date "2004.02.09"]
[Round "3"]
[White "Dub,Z"]
[Black "Brustkern,J"]
[Result "1-0"]
[WhiteElo "2270"]
[BlackElo "2246"]

1.d4 d5 2.c4 Nc6 3.cxd5 Qxd5 4.e3 e5 5.Nc3 Bb4 6.Bd2 Bxc3 7.bxc3 exd4 8.cxd4 Nf6
9.Qf3 Be6 10.Qxd5 Bxd5 11.f3 O-O 12.Kf2 a5 13.Ne2 Bc4 14.Nc3 Bxf1 15.Rhxf1 Rad8
16.Rab1 b6 17.Nb5 Nd5 18.a3 f5 19.Rfc1 Rf6 20.Rc2 Rd7 21.Rbc1 Nde7 22.Rc4 Kf8
23.Kg1 Rg6 24.Be1 Re6 25.d5 Rxd5 26.Nxc7 Rde5 27.Nxe6+ Rxe6 28.e4 b5 29.Rc5 fxe4
30.fxe4 Nd4 31.Rb1 Nec6 32.e5 Ke8 33.Rd1 b4 34.axb4 axb4 35.Bxb4 Ne2+ 36.Kf1 Nxb4
37.Kxe2 Nc6 38.Rd6 Rxd6 39.exd6 Kd7 40.Rd5 Ke6 41.Rd1 Ne5 42.Ke3 Nc4+ 43.Kf4 Nxd6
44.h4 Nf5 45.g3 Kf6 46.Ra1 Nd4 47.Ra6+ Ne6+ 48.Ke4 Kf7 49.Ke5 Nc5 50.Ra7+ Kg6
51.g4 h6 52.h5+ Kh7 53.Rc7 Nd3+ 54.Ke4 Nf2+ 55.Kf5 Nh3 56.Ke6 Ng5+ 57.Ke7 Kg8
58.Rc8+ Kh7 59.Re8 Ne4 60.Kf8 Nf6 61.Re7 Kh8 62.Ra7 Nxg4 63.Rxg7 Nf2 64.Ra7 Nh3
65.Kf7 Nf4 66.Ra4 Nd5 67.Kg6 Ne7+ 68.Kf6 Ng8+ 69.Kf7 Kh7 70.Rg4  1-0

[Event "FSIM February"]
[Site "Budapest HUN"]
[Date "2004.02.11"]
[Round "5"]
[White "Varga,Cs2"]
[Black "Brustkern,J"]
[Result "1-0"]
[WhiteElo "2303"]
[BlackElo "2246"]

1.d4 d5 2.c4 Nc6 3.Nf3 Bg4 4.e3 e5 5.Be2 dxc4 6.d5 Nb4 7.e4 Nd3+ 8.Bxd3 cxd3
9.Qxd3 Bd6 10.Qb5+ Bd7 11.Qxb7 f5 12.Nc3 Nf6 13.O-O O-O 14.Qa6 fxe4 15.Ng5 Qe8
16.Qe2 Rb8 17.Be3 a5 18.Rfe1 Bg4 19.Qc2 Qg6 20.Kh1 Bf5 21.Rac1 Rb4 22.a3 Rd4
23.Ne6 Rb8 24.Bxd4 exd4 25.Nxd4 Qh5 26.g3 Ng4 27.h4 Bg6 28.Qe2 Rf8 29.Rf1 Bc5
30.Ne6 Bxf2 31.Nxf8 Bxg3 32.Nxg6 hxg6 33.Kg2 Qxh4 34.Rh1 Bh2 35.Nxe4 Qh5
36.Rxc7  1-0

[Event "FSGM February"]
[Site "Budapest HUN"]
[Date "2004.02.13"]
[Round "7"]
[White "Banusz,T"]
[Black "Antal,Ge"]
[Result "1/2-1/2"]
[WhiteElo "2372"]
[BlackElo "2498"]

1.d4 d5 2.c4 Nc6 3.Nc3 dxc4 4.Nf3 Nf6 5.e3 e5 6.Bxc4 exd4 7.exd4 Bd6 8.O-O O-O
9.h3 h6 10.Re1 a6 11.Qc2 b5 12.Bb3 Na5 13.Ne5 Nxb3 14.Qxb3 b4 15.Ne2 Be6
16.Qg3 Ne4 17.Qf3 Ng5 18.Bxg5 hxg5 19.Ng3 Qf6 20.Ne4 Qxf3 21.Nxf3 Bd5 22.Nxd6 cxd6
23.Nxg5 Rac8 24.Ne4 Rc2 25.Nxd6 Rxb2 26.Nf5 Rd8 27.Ne7+ Kf8 28.Nxd5 Rxd5
29.Rab1 Rxb1 30.Rxb1 Rxd4 31.Kf1 a5 32.Ke2 Rc4 33.Kd2 Ke7 34.Rb3 Kd6 35.Rg3 g6
36.Rf3 Rc7 37.a3 Kc5 38.Kc2 f5 39.Kb2 Re7 40.h4 Kc4 41.Rf4+ Kd5 42.axb4 axb4
43.Rxb4 Re2+ 44.Kc3 Rxf2 45.g4 Ke5 46.Kd3 fxg4 47.Rxg4 Kf5 48.Rg5+ Kf6  1/2-1/2

[Event "TCh-BEL 2003-4"]
[Site "Belgium BEL"]
[Date "2004.02.15"]
[Round "9"]
[White "Van Heirzeele,D"]
[Black "Meessen,R"]
[Result "0-1"]
[WhiteElo "2227"]
[BlackElo "2282"]

1.d4 d5 2.c4 Nc6 3.Nc3 dxc4 4.Nf3 a6 5.Qa4 b5 6.Nxb5 Bd7 7.Nc3 Nxd4 8.Qd1 Nxf3+
9.exf3 Be6 10.Bf4 Nf6 11.Qa4+ Qd7 12.Qxd7+ Kxd7 13.O-O-O+ Kc8 14.Be3 Nd7
15.Nd5 Bxd5 16.Rxd5 Nb6 17.Bxb6 cxb6 18.Bxc4 e6 19.Rd3 Bc5 20.Kd2 Bxf2 21.Rc1 Kb8
22.Ke2 Bh4 23.Rd6 b5 24.Bd3 Rc8 25.Rxc8+ Kxc8 26.Be4 Ra7 27.f4 Be7 28.Rc6+ Kd7
29.Rb6 Kc7 30.Rc6+ Kd7 31.Rb6 Bf6 32.b3 Kc7 33.Rc6+ Kd8 34.Rb6 Bc3 35.Rd6+ Ke7
36.Rb6 b4 37.Kd3 Rd7+ 38.Ke2 Rd2+ 39.Kf3 Rxa2 40.Bd3 a5 41.Bb5 Rb2 42.Bc4 Be1
43.Ra6 Rf2+ 44.Kg3 Rc2+ 45.Kh3 Rxc4 46.bxc4 b3 47.c5 b2  0-1

[Event "FSIM February"]
[Site "Budapest HUN"]
[Date "2004.02.16"]
[Round "10"]
[White "Fodor,T jr"]
[Black "Brustkern,J"]
[Result "1-0"]
[WhiteElo "2130"]
[BlackElo "2246"]

1.d4 d5 2.c4 Nc6 3.Nf3 Bg4 4.Nc3 dxc4 5.d5 Bxf3 6.exf3 Ne5 7.Bf4 Nd3+ 8.Bxd3 cxd3
9.Nb5 Rc8 10.Nxa7 Ra8 11.Nb5 Rc8 12.Nxc7+ Rxc7 13.Bxc7 Qxc7 14.Qa4+ Qd7 15.Qa8+ Qd8
16.Qxb7 d2+ 17.Kxd2 Nf6 18.Ke2 Qxd5 19.Qb8+ Qd8 20.Qxd8+ Kxd8 21.Rhd1+ Kc7
22.Rac1+ Kb7 23.Rd8  1-0

[Event "1st Balagne Open"]
[Site "Calvi FRA"]
[Date "2004.02.25"]
[Round "6"]
[White "Vasilev,M"]
[Black "Karpatchev,A"]
[Result "1/2-1/2"]
[WhiteElo "2424"]
[BlackElo "2461"]

1.d4 d5 2.c4 Nc6 3.Nc3 dxc4 4.d5 Ne5 5.Qd4 Ng6 6.e4 e5 7.Qxc4 a6 8.Nf3 Bd6
9.h4 h6 10.h5 N6e7 11.Be2 Nf6 12.b3 O-O 13.Bb2 c6 14.dxc6 Nxc6 15.Rd1 Qe7
16.Nd5 Nxd5 17.exd5 Na5 18.Qh4 Re8 19.Qxe7 Rxe7 20.Nd2 b5 21.Ne4 Nb7 22.O-O f5
23.Nxd6 Nxd6 24.Ba3 Rd7 25.f4 e4 26.Rd4 Bb7 27.Bc5 Rc8 28.b4 Nc4 29.d6 Ne3
30.Rf2 Kf7 31.Bd1 Nxd1 32.Rxd1 Ke6 33.Rfd2 a5 34.a3 axb4 35.axb4 Ra8 36.Re1 Ra3
37.Kf2 Bd5 38.Re3 Rxe3  1/2-1/2

[Event "SFch-NED"]
[Site "Leeuwarden NED"]
[Date "2004.02.28"]
[Round "1.1"]
[White "Van der Werf,M"]
[Black "Peek,Mar"]
[Result "0-1"]
[WhiteElo "2417"]
[BlackElo "2398"]

1.d4 d5 2.c4 Nc6 3.Nc3 dxc4 4.Nf3 Nf6 5.Bg5 a6 6.d5 Na7 7.e4 Nb5 8.Bxc4 Nxc3
9.bxc3 Nxe4 10.O-O Bg4 11.Bf4 Qd7 12.Re1 Nd6 13.Be2 h5 14.h3 Bxf3 15.Bxf3 g6
16.Be5 Rh7 17.Qd4 Nf5 18.Qb4 Qb5 19.Qe4 Nd6 20.Bxd6 cxd6 21.Rab1 Qd7 22.Rb6 Rc8
23.Bd1 f5 24.Qb4 Qc7 25.Rxb7 Qxc3 26.Ba4+ Kf7 27.Qb1 Rc7 28.Rb8 Kg7 29.Bc6 e5
30.Re3 Qa5 31.Kh2 Rf7 32.Be8 Rf6 33.Rb7+ Kh8 34.Rxh7+ Kxh7 35.Qb7+ Bg7 36.Re2 Rf8
37.Bc6 e4 38.g3 Kh6 39.h4 Qc3 40.Qb3 Qxb3 41.axb3 Rb8 42.Ba4 Bd4 43.Kg2 Kg7
44.f3 exf3+ 45.Kxf3 Be5 46.Rc2 Rb4 47.Rc4 Rxc4 48.bxc4 Kf7 49.Bc6 a5 50.Ba4 Kf6
51.Be8 Bc3 52.Kf4 Bd2+ 53.Kf3 Bc1 54.c5 dxc5 55.d6 g5 56.hxg5+ Bxg5 57.Ke2 h4
58.gxh4 Bxh4 59.Kd3 Ke6 60.d7 Bd8 61.Kc4 Kd6 62.Bg6 f4 63.Bh5 Kxd7 64.Kxc5 Ke6
65.Bf3 Kf5 66.Kc4 Kg5 67.Kc3 Kh4 68.Bc6 Kg3 69.Kd2 f3 70.Ke1 Bb6 71.Kf1 Kf4
72.Ke1 Ke3 73.Bb5 f2+ 74.Kd1 a4 75.Kc2 a3 76.Kb3 Bc5 77.Kc2 Kf3 78.Bf1 Kg3  0-1

[Event "TCh-SWE 2003-4"]
[Site "Goteborg SWE"]
[Date "2004.03.12"]
[Round "9"]
[White "Akesson,R"]
[Black "Svenn,G"]
[Result "1-0"]
[WhiteElo "2448"]
[BlackElo "2360"]

1.d4 d5 2.c4 Nc6 3.Nc3 Nf6 4.Nf3 dxc4 5.e4 Bg4 6.Be3 e6 7.Bxc4 Bb4 8.Qc2 O-O
9.O-O-O Bxc3 10.bxc3 Qe7 11.Bd3 Nd7 12.e5 h6 13.h3 Bf5 14.Bxf5 exf5 15.Qxf5 Nb6
16.Kb1 Nc4 17.Rhe1 b5 18.Bc1 Rab8 19.e6 b4 20.exf7+ Rxf7 21.Rxe7 Rxf5 22.Re2 bxc3+
23.Kc2 Nb2 24.Rde1 Rxf3 25.gxf3 Nxd4+ 26.Kxc3 Nxe2+ 27.Rxe2 Na4+ 28.Kc4 Kf7
29.Ba3 Re8 30.Rd2 Nb6+ 31.Kb5 Re6 32.Rc2 Nd5 33.Rc5 Rd6 34.Ka5 Ke6 35.Rc4 Rb6
36.Bc5 Rb2 37.a4 Nb6 38.Rg4 g5 39.Ka6 Ra2 40.a5 Nd7 41.Bxa7 c5 42.f4 Rxf2
43.fxg5 hxg5 44.Rxg5 Rf3 45.Bxc5 Nxc5+ 46.Rxc5 Rxh3 47.Kb7 Kd7 48.Rd5+ Ke6
49.Rb5 Rh7+ 50.Kc6 Rh1 51.a6 Rc1+ 52.Kb7  1-0

[Event "TCh-SWE 2003-4"]
[Site "Goteborg SWE"]
[Date "2004.03.13"]
[Round "10"]
[White "Hjelm,N"]
[Black "Svenn,M"]
[Result "1/2-1/2"]
[WhiteElo "2350"]
[BlackElo "2175"]

1.d4 d5 2.c4 Nc6 3.Nc3 Nf6 4.cxd5 Nxd5 5.Nf3 Bg4 6.e4 Nxc3 7.bxc3 e6 8.Rb1 Bxf3
9.gxf3 Rb8 10.Qa4 Qd7 11.Bb5 Rc8 12.O-O a6 13.Bxc6 Qxc6 14.Qxc6+ bxc6 15.Rb7 Kd7
16.Be3 Be7 17.Rfb1 Ra8 18.Kf1 g5 19.f4 Rhg8 20.Ke2 f5 21.exf5 exf5 22.fxg5 Bxg5
23.Bxg5 Rxg5 24.Rb8 Rxb8 25.Rxb8 Rh5 26.Ra8 Rxh2 27.Rxa6 Rh3 28.Ra5 Rxc3
29.Rxf5 Rc2+ 30.Ke3 Rxa2 31.Rf7+ Kd6 32.Rxh7 Rc2 33.Rh6+ Kd5 34.Rh5+ Kd6
35.f4 c5 36.Rxc5 Rxc5 37.dxc5+ Kxc5 38.Ke4 Kd6 39.Kf5 Ke7 40.Kg6 Kf8 41.Kf6 c5
42.Ke5 Kf7 43.Kd5  1/2-1/2

[Event "Dos Hermanas Internet Final"]
[Site "ICC INT"]
[Date "2004.03.13"]
[Round "2.2"]
[White "Volkov,S1"]
[Black "Gustafsson,J"]
[Result "0-1"]
[WhiteElo "2630"]
[BlackElo "2572"]

1.d4 d5 2.c4 Nc6 3.Nc3 dxc4 4.d5 Ne5 5.Qd4 Ng6 6.Nf3 Nf6 7.h4 e6 8.e4 exd5
9.exd5 Bd6 10.h5 Qe7+ 11.Be2 Ne5 12.Nxe5 Qxe5 13.Qxc4 O-O 14.h6 g6 15.Be3 b5
16.Qxb5 Bg4 17.Qc4 Bxe2 18.Qxe2 Nxd5 19.Nxd5 Qxd5 20.O-O Rfe8 21.Qg4 Re4
22.Qf3 Rh4 23.Rfc1 Qxf3 24.gxf3 a5 25.Rc2 Rh3 26.Kg2 Rh2+ 27.Kg1 Rh3 28.Rd1 Rxf3
29.Bb6 Rf6 30.Be3 Rf5 31.Kg2 f6 32.Rd4 Kf7 33.Rdc4 g5 34.Rc6 Kg6 35.Bb6 cxb6
36.Rxd6 b5 37.Rc7 Kxh6 38.Rdd7 Rh8 39.Ra7 b4 40.Kg3 Rc5 41.Rd6 Kg6 42.Rdd7 Kf5
43.Ra6 h5 44.Rdd6 h4+ 45.Kh3 Rf8 46.f3 Re5 47.a3 bxa3 48.bxa3 Kf4 49.Rd3 Re3
50.Rxe3 Kxe3 51.Kg4 h3 52.Kg3 Rh8 53.Re6+ Kd4 54.Kh2 f5 55.Rg6 Rh5 56.a4 Ke3
57.Rf6 f4 58.Rf5 Kxf3 59.Rxa5 Kg4 60.Rc5 Rh8 61.Rc2 Re8 62.a5 Kh4 63.a6 g4
64.Rc1 g3+ 65.Kh1 h2 66.Kg2 Kg4 67.a7 f3+ 68.Kh1 Kh3  0-1

[Event "70th ch-BLR"]
[Site "Minsk BLR"]
[Date "2004.03.14"]
[Round "11"]
[White "Dydyshko,V"]
[Black "Kolesnik,E"]
[Result "1-0"]
[WhiteElo "2574"]
[BlackElo "2406"]

1.d4 d5 2.c4 Nc6 3.cxd5 Qxd5 4.e3 e5 5.Nc3 Bb4 6.Bd2 Bxc3 7.bxc3 Nf6 8.f3 O-O
9.Ne2 Re8 10.Kf2 Bf5 11.Ng3 exd4 12.cxd4 Rad8 13.Qb3 Qd7 14.Qb2 h5 15.h4 Bg6
16.Bb5 a6 17.Bxc6 bxc6 18.Rac1 Rb8 19.Qa3 Qd6 20.Qxd6 cxd6 21.Rxc6 Rb2 22.Rd1 Rxa2
23.e4 d5 24.e5 Bc2 25.Rxc2 Rxc2 26.exf6 g6 27.Nf1 Rb2 28.Ra1 Re6 29.Ra5 Rb5
30.Rxb5 axb5 31.Ne3 Rxf6 32.Bb4 Rc6 33.Bc5 Ra6 34.Nxd5 Ra2+ 35.Kg3 f5 36.f4 Kf7
37.Kf3 Rb2 38.g3 Ke6 39.Ne3 b4 40.d5+ Kf7 41.Nc4 Rb3+ 42.Ke2 Rxg3 43.Ne5+ Kf6
44.d6 Ra3 45.d7  1-0

[Event "IV Open"]
[Site "Dos Hermanas ESP"]
[Date "2004.03.28"]
[Round "4"]
[White "Ivanov,J"]
[Black "Moreno Carnero,J"]
[Result "1/2-1/2"]
[WhiteElo "2406"]
[BlackElo "2525"]

1.d4 d5 2.c4 Nc6 3.cxd5 Qxd5 4.e3 e5 5.Nc3 Bb4 6.Bd2 Bxc3 7.Bxc3 exd4 8.Ne2 Nf6
9.Nxd4 O-O 10.Nb5 Qg5 11.h4 Qh6 12.Nxc7 Bg4 13.Qb3 Rad8 14.Qxb7 Rd6 15.Bc4 Rb8
16.Qa6 Rbd8 17.Bb3 Nd4 18.Qxd6 Rxd6 19.Bxd4 Rxd4 20.exd4 Qf4 21.Nd5 Nxd5
22.Bxd5 Qxd4 23.Bb3 Qd3 24.Bd1 Qe4+ 25.Kf1 Qd3+ 26.Ke1 h5 27.f3 Qe3+ 28.Be2 Bf5
29.Rd1 g6 30.Rd2 Kg7 31.Kd1 Qe6 32.a3 Qb3+ 33.Ke1 Qe3 34.Kd1 a5 35.Bc4 Qc5
36.Ba2 Qb5 37.Kc1 Qc6+ 38.Kd1 Qb5 39.Kc1 Qe5 40.Bb1 Qc5+ 41.Bc2 Qc4 42.Rhd1 a4
43.Kb1 Bxc2+ 44.Rxc2 Qxh4 45.Rd7 Qe1+ 46.Rc1 Qe2 47.Rcc7 Kg8 48.Rxf7 Qd1+
49.Ka2 Qd5+  1/2-1/2

[Event "ch-ISL"]
[Site "Reykjavik ISL"]
[Date "2004.04.01"]
[Round "1.1"]
[White "Thorfinnsson,Br"]
[Black "Asmundsson,I"]
[Result "1-0"]
[WhiteElo "2380"]
[BlackElo "2311"]

1.d4 d5 2.c4 Nc6 3.cxd5 Qxd5 4.e3 e5 5.Nc3 Bb4 6.Bd2 Bxc3 7.bxc3 Nf6 8.Ne2 O-O
9.c4 Qd6 10.d5 Ne7 11.Ng3 Nd7 12.Qb1 f5 13.Bb4 Nc5 14.Be2 b6 15.O-O c6 16.Rd1 cxd5
17.cxd5 Bb7 18.f3 Rac8 19.Qb2 Kh8 20.Rac1 Rc7 21.a4 Nc8 22.a5 Ne7 23.Qa3 Rd8
24.e4 Bc8 25.Rc2 Bd7 26.Nf1 fxe4 27.fxe4 Ba4 28.Bxc5 Rxc5 29.Qxa4 Rxa5 30.Qb3 Rc5
31.Rxc5 Qxc5+ 32.Qe3 Qd6  1-0

[Event "Open ch-NOR"]
[Site "Oslo NOR"]
[Date "2004.04.03"]
[Round "1"]
[White "Carlsen,H"]
[Black "Brynell,S"]
[Result "0-1"]
[WhiteElo "2081"]
[BlackElo "2458"]

1.d4 d5 2.c4 Nc6 3.Nc3 Nf6 4.Nf3 dxc4 5.e4 Bg4 6.d5 Ne5 7.Bf4 Ng6 8.Bg3 e5
9.Bxc4 Bd6 10.Qa4+ Nd7 11.Nd2 O-O 12.Qc2 Nf4 13.f3 Nxg2+ 14.Kf2 Bh3 15.Nb3 Nc5
16.Nb5 Nxb3 17.Bxb3 f5 18.Ke2 fxe4 19.Qxe4 Bf5 20.Qc4 Qg5 21.Qc1 Nf4+ 22.Kd1 Bd3
23.Bc4 Qh5 24.Nxd6 Qxf3+ 25.Kd2 Qg2+ 26.Kc3 Ne2+ 27.Kb3 Nxc1+ 28.Rhxc1 cxd6
29.Bxd3 Rac8 30.Rc3 Qxd5+ 31.Bc4 Rxc4 32.Rxc4 Rf3+ 33.Kb4 a5+  0-1

[Event "FSGM April"]
[Site "Budapest HUN"]
[Date "2004.04.07"]
[Round "5"]
[White "Pataki,G"]
[Black "Seres,L"]
[Result "1/2-1/2"]
[WhiteElo "2374"]
[BlackElo "2496"]

1.d4 d5 2.c4 Nc6 3.Nf3 Bg4 4.Nc3 e6 5.e3 Nf6 6.Be2 Be7 7.O-O O-O 8.b3 Ne4
9.Nxe4 dxe4 10.Nd2 Bxe2 11.Qxe2 f5 12.Bb2 Bf6 13.Rad1 Qe8 14.Ba3 Rf7 15.f3 exf3
16.Nxf3 Rd7 17.Ne1  1/2-1/2

[Event "FSIM April"]
[Site "Budapest HUN"]
[Date "2004.04.11"]
[Round "9"]
[White "Gerard,N"]
[Black "Brustkern,J"]
[Result "1/2-1/2"]
[WhiteElo "2283"]
[BlackElo "2266"]

1.d4 d5 2.c4 Nc6 3.Nc3 dxc4 4.d5 Ne5 5.Qd4 Ng6 6.Nf3 a6 7.a4 Rb8 8.h4 h5
9.Qxc4 e5 10.Bg5 f6 11.Be3 Bd6 12.Ne4  1/2-1/2

[Event "8th Neckar Open"]
[Site "Deizisau GER"]
[Date "2004.04.11"]
[Round "6"]
[White "Epishin,V"]
[Black "Gasthofer,A"]
[Result "1-0"]
[WhiteElo "2633"]
[BlackElo "2424"]

1.d4 d5 2.c4 Nc6 3.Nf3 Bg4 4.Nc3 e6 5.cxd5 exd5 6.Bf4 Bd6 7.Bg3 Bxg3 8.hxg3 Nge7
9.e3 h6 10.Bd3 O-O 11.a3 a6 12.Qc2 Qd7 13.Rc1 Rfe8 14.O-O Bf5 15.Bxf5 Nxf5
16.Na4 Nfe7 17.Nc5 Qc8 18.b4 b6 19.Nd3 Qb7 20.a4 Rec8 21.Qb3 Nd8 22.b5 Ne6
23.Nfe5 axb5 24.axb5 Ra5 25.Nc6 Nxc6 26.Rxc6 Rd8 27.Rfc1 Qa7 28.Qb1 Rf8 29.Ne5 Qa8
30.Nxf7 Rxf7 31.Rxe6 Ra2 32.f4 Re2 33.Rc2 Qc8 34.Re5 Qg4 35.Rxe2 Qxe2 36.Qf1 Qa2
37.Qd3 Rf8 38.Qg6 Qa3 39.Qe6+ Kh8 40.Qxd5  1-0

[Event "Open ch-NOR"]
[Site "Oslo NOR"]
[Date "2004.04.11"]
[Round "9"]
[White "Pedersen,L"]
[Black "Bae,T"]
[Result "0-1"]
[WhiteElo "2054"]
[BlackElo "2303"]

1.d4 d5 2.c4 Nc6 3.Nf3 e5 4.dxe5 Bb4+ 5.Nbd2 dxc4 6.a3 Ba5 7.e4 Be6 8.Be2 Nge7
9.O-O b5 10.Nb1 Ng6 11.Qc2 Ngxe5 12.Rd1 Nxf3+ 13.Bxf3 Nd4 14.Rxd4 Qxd4 15.e5 Rd8  0-1

[Event "Pobeskydi Technomont Cup"]
[Site "Frydek Mistek CZE"]
[Date "2004.04.12"]
[Round "9"]
[White "Michenka,J"]
[Black "Jurkovic,H"]
[Result "0-1"]
[WhiteElo "2337"]
[BlackElo "2430"]

1.d4 d5 2.c4 Nc6 3.Nf3 Bg4 4.Nc3 e6 5.Bf4 Bb4 6.e3 Nf6 7.h3 Bh5 8.Rc1 O-O
9.Be2 dxc4 10.Bxc4 Na5 11.Be2 Nd5 12.Bh2 c5 13.O-O c4 14.Ne5 Bxe2 15.Qxe2 Nxc3
16.bxc3 Bd6 17.f4 b5 18.e4 Rc8 19.f5 Nc6 20.Ng4 Bxh2+ 21.Kxh2 exf5 22.Rxf5 b4
23.Rc5 bxc3 24.Qxc4 Qd6+ 25.Kh1 Qxd4 26.Qxc3 Qxc3 27.R1xc3 Ne7 28.Rc7 Rfd8
29.Ne5 Kf8 30.Kh2 Ke8 31.Kg3 f6 32.Nf3 Rxc7 33.Rxc7 Rd7 34.Rc5 Kf7 35.e5 Nf5+
36.Kf4 Nd4 37.Ra5 Ne6+ 38.Ke4 Rc7 39.exf6 Kxf6 40.Rf5+ Ke7 41.Re5 Rc4+ 42.Kd5 Rc5+
43.Ke4 Rc4+ 44.Kd5 Rc5+ 45.Ke4 Rc4+ 46.Kd5 Rc5+ 47.Ke4 Kd6 48.Rxc5 Nxc5+
49.Kd4 Ne6+ 50.Ke4 a5 51.h4 Nc7 52.Nd4 g6 53.g4 a4 54.h5 gxh5 55.gxh5 Kc5
56.h6 Kc4 57.Ke5 Kc3 58.Nf3 Kb2 59.Ng5 Kxa2 60.Nxh7 Kb3 61.Nf6 a3 62.h7 a2
63.h8=Q a1=Q+ 64.Kd6 Nb5+ 65.Ke6 Qe1+ 66.Kf7 Nd6+ 67.Kf8 Qe6 68.Qh3+ Kb4
69.Qh4+ Ka5 70.Qh5+ Nf5  0-1

[Event "FSIM April"]
[Site "Budapest HUN"]
[Date "2004.04.14"]
[Round "12"]
[White "Brustkern,J"]
[Black "Wilke,W"]
[Result "1/2-1/2"]
[WhiteElo "2266"]
[BlackElo "2275"]

1.d4 d5 2.c4 Nc6 3.cxd5 Qxd5 4.e3 e5 5.Nc3 Bb4 6.Bd2 Bxc3 7.Bxc3 exd4 8.Ne2 Bg4
9.f3 O-O-O 10.Nxd4 Nf6 11.Qa4 Qg5 12.Nxc6 Qxe3+ 13.Be2 Rhe8 14.Ne5 Bd7 15.Qd4 Qxd4
16.Bxd4 Ba4 17.Bc3 Nd5 18.Nxf7 Nxc3 19.bxc3 Rd5 20.Kf1 Re7 21.Bc4 Rc5 22.Bb3 Bxb3
23.axb3 Rxf7 24.c4 a5 25.Kf2 Re5 26.Rhe1 Rxe1 27.Rxe1 Kd7 28.Rd1+ Kc6 29.Rd5 b6  1/2-1/2

[Event "FSIM April"]
[Site "Budapest HUN"]
[Date "2004.04.15"]
[Round "13"]
[White "Fodor,T jr"]
[Black "Brustkern,J"]
[Result "1/2-1/2"]
[WhiteElo "2183"]
[BlackElo "2266"]

1.d4 d5 2.c4 Nc6 3.Nc3 dxc4 4.Nf3 Nf6 5.Bg5 Bg4 6.e3 e6 7.Bxc4 a6 8.O-O Be7
9.Rc1 O-O 10.Be2 h6 11.Bh4 Nd5 12.Bg3 Nxc3 13.Rxc3 Bd6 14.Ne5 Bxe5  1/2-1/2

[Event "ch-POL w"]
[Site "Warsaw POL"]
[Date "2004.04.26"]
[Round "1"]
[White "Socko,M"]
[Black "Dworakowska,J"]
[Result "1-0"]
[WhiteElo "2408"]
[BlackElo "2395"]

1.d4 d5 2.c4 Nc6 3.Nf3 Bg4 4.e3 e6 5.a3 Nf6 6.b4 a6 7.Bb2 Ne4 8.Nbd2 f5 9.Qc2 Be7
10.Rc1 O-O 11.Bd3 Bd6 12.c5 Be7 13.O-O Bxf3 14.Nxf3 Rf6 15.Ne1 Rh6 16.f3 Nf6
17.Rd1 Qe8 18.g3 Qh5 19.Rf2 Nd8 20.Bc1 Nf7 21.Bf1 g5 22.Nd3 g4 23.Nf4 Qg5
24.Nxe6 Qg6 25.Nf4 Qg5 26.Bg2 c6 27.e4 Rxh2 28.Kxh2 gxf3 29.Bxf3 fxe4 30.Nh5 Qg6
31.Nxf6+ Bxf6 32.Bg2 Nh6 33.Bxh6 Qxh6+ 34.Bh3 Re8 35.Qe2 e3 36.Rf4 Kh8 37.Rd3 Bg5
38.Rxe3 Rg8 39.Re6 Qg7 40.Qe5  1-0

[Event "FSIM May"]
[Site "Budapest HUN"]
[Date "2004.05.10"]
[Round "10"]
[White "Turzo,A"]
[Black "Brustkern,J"]
[Result "1/2-1/2"]
[WhiteElo "2349"]
[BlackElo "2266"]

1.d4 d5 2.c4 Nc6 3.Nc3 dxc4 4.Nf3 Nf6 5.e4 Bg4 6.Be3 e6 7.a3 Bxf3 8.gxf3 Na5
9.Bxc4 Nxc4 10.Qa4+ c6 11.Qxc4 Be7 12.b4 O-O 13.O-O Nh5 14.Ne2 g6 15.Rfd1 Qd7
16.Bh6 Ng7 17.Nf4 Rfd8 18.Ng2 Bf6 19.Be3 a5 20.Rab1 axb4 21.axb4 Ne8 22.b5 Nd6
23.bxc6 bxc6 24.Qb3 Nb5 25.e5 Be7 26.Rbc1 Ra3 27.Qc4 c5 28.Ne1 cxd4 29.Rb1 Qa7
30.Bc1 Nc3 31.Bxa3 Bxa3 32.Nd3 Nxd1 33.Rxd1 Be7 34.Kg2 Qd7 35.Rc1 Bg5 36.Rc2 Be7  1/2-1/2

[Event "22nd LIE-Open"]
[Site "Triesen LIE"]
[Date "2004.05.17"]
[Round "4"]
[White "Hicker,H"]
[Black "Bhend,E"]
[Result "0-1"]
[WhiteElo "2113"]
[BlackElo "2254"]

1.d4 d5 2.c4 Nc6 3.Bf4 dxc4 4.e3 e5 5.Bxe5 Nxe5 6.dxe5 Qxd1+ 7.Kxd1 Be6 8.Nc3 Ne7
9.Nf3 Nc6 10.a3 a6 11.Kc2 g6 12.Be2 Bg7 13.Nd4 Nxd4+ 14.exd4 O-O-O 15.d5 Bf5+
16.Kd2 Bxe5 17.Bxc4 Bf4+ 18.Ke2 Rhe8+ 19.Kf3 g5 20.Rhe1 h5 21.h3 Bd2 22.Rxe8 Rxe8
23.g4 Bg6 24.Rd1 Bxc3 25.bxc3 Be4+ 26.Kg3 h4+ 27.Kh2 Bf3 28.Rd3 Be2 29.Rd4 Bxc4
30.Rxc4 Kd7 31.Kg2 Kd6 32.f4 f6 33.Kf3 Re1 34.fxg5 fxg5 35.Rb4 Rf1+ 36.Ke2 Rh1
37.Rxb7 Rxh3 38.Ra7 Rxc3 39.Rxa6+ Ke5 40.Kf2 Rc4 41.Ra7 Kxd5 42.Ra5+ c5  0-1

[Event "Victor Syre Open"]
[Site "Issy les Moulineaux FRA"]
[Date "2004.05.20"]
[Round "2"]
[White "Torralba,M"]
[Black "Milanovic,Di"]
[Result "0-1"]
[WhiteElo "1960"]
[BlackElo "2120"]

1.d4 d5 2.c4 Nc6 3.Nc3 e5 4.cxd5 Nxd4 5.e3 Nf5 6.Nf3 Bd6 7.e4 Nfe7 8.g3 Nf6
9.Bg2 Bd7 10.O-O O-O 11.Nd2 Ng6 12.Nc4 Re8 13.Nxd6 cxd6 14.Qb3 b5 15.a4 a6
16.axb5 axb5 17.Rxa8 Qxa8 18.Qb4 Qa6 19.Re1 h5 20.h3 h4 21.Kh2 Rc8 22.Bf1 hxg3+
23.fxg3 Rb8 24.Be3 Qc8 25.Bg1 Qd8 26.Bf2 Qe7 27.Ra1 Nh7 28.Ra6 Qf6 29.Kg1 Ng5
30.Qxd6 Qxd6 31.Rxd6 Bxh3 32.Bxh3 Nxh3+ 33.Kg2 Nxf2 34.Kxf2 b4 35.Na4 Ra8
36.b3 Ne7 37.Rd7 Kf8 38.Rb7 f5 39.Ke3 g5  0-1

[Event "TCh-BIH"]
[Site "Neum BIH"]
[Date "2004.06.04"]
[Round "7"]
[White "Blagojevic,D"]
[Black "Fercec,N"]
[Result "1-0"]
[WhiteElo "2514"]
[BlackElo "2460"]

1.d4 d5 2.c4 Nc6 3.Nc3 dxc4 4.Nf3 Nf6 5.e3 e5 6.Bxc4 exd4 7.exd4 Bd6 8.Qe2+ Qe7
9.Qxe7+ Nxe7 10.O-O h6 11.Re1 a6 12.Nd2 O-O 13.Nde4 Nxe4 14.Nxe4 Bb4 15.Bd2 Bxd2
16.Nxd2 Nf5 17.Nf3 Bd7 18.Rac1 Rae8 19.Ne5 Be6 20.Bxe6 Rxe6 21.Rxc7 Nxd4
22.Kf1 Rfe8 23.Nd3 Rxe1+ 24.Nxe1 b5 25.Nd3 Ne6 26.Rd7 Rc8 27.Rd6 Nc5 28.Nb4 Kf8
29.Ke2 Re8+ 30.Kf1 Rc8 31.g3 a5 32.Rc6 Rxc6 33.Nxc6 Nb7 34.Ke2 Ke8 35.Ke3 Kd7
36.Na7 b4 37.Kd4 Nd6 38.Kd5 a4 39.Nc6 b3 40.axb3 axb3 41.Nd4 Nc8 42.Nxb3 Nb6+
43.Kd4 Kc6 44.Nc5 Nd5 45.Nd3 f6 46.Nf4  1-0

[Event "XVIII Open"]
[Site "Pula CRO"]
[Date "2004.06.21"]
[Round "2"]
[White "De Jong,JW"]
[Black "Fercec,N"]
[Result "0-1"]
[WhiteElo "2244"]
[BlackElo "2460"]

1.d4 d5 2.c4 Nc6 3.cxd5 Qxd5 4.e3 e5 5.Nc3 Bb4 6.Bd2 Bxc3 7.bxc3 Nf6 8.f3 O-O
9.Bd3 exd4 10.cxd4 Bf5 11.Bxf5 Qxf5 12.Ne2 Rfe8 13.O-O Qd3 14.Nf4 Qa3 15.Qc1 Qa6
16.Qc2 Rad8 17.Rab1 Rd6 18.Rfc1 b6 19.Rb3 g5 20.Nh3 h6 21.Be1 Nd5 22.Bf2 Na5
23.Qd3 Qxd3 24.Rxd3 f5 25.Bg3 Rc6 26.Rxc6 Nxc6 27.Be5 Ndb4 28.Rc3 Nxe5 29.dxe5 Rxe5
30.Rxc7 Rxe3 31.Rxa7 Nd3 32.g3 Rxf3 33.Rb7 g4 34.Nf4 Nxf4 35.gxf4 Rxf4 36.Rxb6 Kg7
37.Ra6 h5  0-1

[Event "Nova Open"]
[Site "Haarlem NED"]
[Date "2004.07.03"]
[Round "4"]
[White "Hopman,P"]
[Black "Slings,S"]
[Result "1/2-1/2"]
[WhiteElo "2303"]
[BlackElo "2081"]

1.d4 d5 2.c4 Nc6 3.cxd5 Qxd5 4.e3 e5 5.Nc3 Bb4 6.Bd2 Bxc3 7.Bxc3 exd4 8.Ne2 Nf6
9.Nxd4 Bd7 10.Nb5 Qxd1+ 11.Rxd1 O-O-O 12.Bxf6 gxf6 13.a3 Bf5 14.Be2 a6 15.Nc3 Rxd1+
16.Bxd1 Rd8 17.Be2 Ne5 18.e4 Be6 19.f4 Nd3+ 20.Bxd3 Rxd3 21.O-O Bc4 22.Rf2 b5
23.Rc2 Bb3 24.Re2 c5 25.e5 f5 26.Kf2 b4 27.Nb1 Kd7 28.Rd2 Rxd2+ 29.Nxd2 Bd5
30.Nf1 bxa3 31.bxa3 Kc6 32.Ne3 Be6 33.g4 fxg4 34.f5 Bb3 35.Nxg4 Kd5 36.Ke3 h5
37.e6 Kd6 38.Nf6 fxe6 39.Ne4+ Ke7 40.Nxc5 Bc2 41.fxe6 a5 42.Kd4 Kd6 43.Nb7+ Kxe6
44.Nxa5 Kd6 45.Nc4+ Kc6 46.Kc3 Ba4 47.Kb4 Bb5 48.Ne5+ Kb6 49.a4 Be2 50.a5+ Ka6
51.Nd7 h4 52.Nc5+ Ka7 53.Kc3 Bf1 54.Kd2 h3 55.Ke1 Bg2 56.Kf2 Kb8 57.Kg3 Ka7
58.Kf4 Kb8 59.Na6+ Ka7 60.Nb4 Kb7 61.Kg3 Ka7 62.Nd3 Ka6 63.Nf4 Bf1 64.Nxh3 Kxa5
65.Nf4 Bc4 66.Kg4 Kb6 67.Kf5 Bb3 68.h4 Bd1 69.Nh3 Kc6 70.Nf2 Be2 71.Ng4 Kd6
72.h5 Ke7 73.h6 Bxg4+ 74.Kxg4 Kf6 75.Kh5 Kf7  1/2-1/2

[Event "Nova Open"]
[Site "Haarlem NED"]
[Date "2004.07.04"]
[Round "6"]
[White "Groffen,H"]
[Black "Slings,S"]
[Result "1-0"]
[WhiteElo "2244"]
[BlackElo "2081"]

1.d4 d5 2.c4 Nc6 3.Nf3 Bg4 4.cxd5 Bxf3 5.gxf3 Qxd5 6.e3 e5 7.Nc3 Bb4 8.Bd2 Bxc3
9.bxc3 Qd6 10.Rb1 Rb8 11.Bg2 f5 12.Qb3 Nge7 13.f4 exf4 14.exf4 Ng6 15.O-O Kd7
16.Rfe1 Rhe8 17.Rxe8 Rxe8 18.Qb5 Nh4 19.d5 Qg6 20.dxc6+ Kc8 21.Qd5 bxc6 22.Qxc6 Re6
23.Rb8+  1-0